Diccionario de sinónimos / (Record no. 72159)

MARC details
000 -LEADER
campo de control de longitud fija 00639nam a2200217 i 4500
001 - NÚMERO DE CONTROL
campo de control 72159
003 - IDENTIFICADOR DE NÚMERO DE CONTROL
campo de control ES-MaACL
005 - FECHA Y HORA DE LA ÚLTIMA TRANSACCIÓN
campo de control 20230906171335.0
007 - CAMPO FIJO DE DESCRIPCIÓN FÍSICA--INFORMACIÓN GENERAL
campo de control de longitud fija t|
008 - DATOS DE LONGITUD FIJA--INFORMACIÓN GENERAL
campo de control de longitud fija 040826s1958 sp ||||1| spa d
080 ## - NÚMERO DE LA CLASIFICACIÓN DECIMAL UNIVERSAL
Número de la Clasificación Decimal Universal (038)=134.2'373.42
100 1# - ENTRADA PRINCIPAL--NOMBRE DE PERSONA
Nombre de persona Gili Gaya, Samuel.
9 (RLIN) 56938
245 10 - MENCIÓN DEL TÍTULO
Título Diccionario de sinónimos /
Mención de responsabilidad, etc. por Samuel Gili Gaya.
260 ## - PUBLICACIÓN, DISTRIBUCIÓN, ETC.
Lugar de publicación, distribución, etc. Barcelona :
Nombre del editor, distribuidor, etc. Spes,
Fecha de publicación, distribución, etc. 1958 (
Fabricante Bibliograf.)
300 ## - DESCRIPCIÓN FÍSICA
Extensión XVI, 344 p. ;
Dimensiones 20 cm.
490 1# - MENCIÓN DE SERIE
Mención de serie Vox
650 04 - PUNTO DE ACCESO ADICIONAL DE MATERIA--TÉRMINO DE MATERIA
Término de materia o nombre geográfico como elemento de entrada Lengua española-
Subdivisión general Sinónimos y antónimos-
Subdivisión de forma Diccionarios.
9 (RLIN) 14187
830 0# - PUNTO DE ACCESO ADICIONAL DE SERIE-TÍTULO UNIFORME
Título uniforme Vox
9 (RLIN) 182574
852 ## - LOCALIZACIÓN
Ubicación ES-MaACL
Número de control de estantería C-14485
Sublocalización o colección R.42273
Holdings
Estatus retirado Estado de pérdida Estado de daño No para préstamo Colección Biblioteca de origen Biblioteca actual Ubicación en estantería Fecha de adquisición Fuente de adquisición Total de préstamos Signatura topográfica completa Código de barras Visto por última vez Precio de reemplazo Tipo de ítem Koha
        Colección de referencia Biblioteca del Ateneo de Madrid Biblioteca del Ateneo de Madrid Ficheros 17/01/2008     C-14485 1075544 23/02/2023 23/02/2023 Libro impreso